Catalog

Record Details

Catalog Search



The case has altered  Cover Image Book Book

The case has altered / Martha Grimes.

Grimes, Martha. (Author).

Record details

  • ISBN: 0805056203
  • ISBN: 0451408683
  • Physical Description: 370 pages ; 25 cm.
  • Edition: 1st edition
  • Publisher: New York : Henry Holt, 1997.

Content descriptions

General Note:
"A Richard Jury mystery."
Subject: Jury, Richard (Fictitious character).
Police > England > Fiction.
Lincolnshire (England) > Fiction.
Detective and mystery stories.

Available copies

  • 1 of 1 copy available at scottsboropl.

Holds

  • 0 current holds with 1 total copy.
Show Only Available Copies
Location Call Number / Copy Notes Barcode Shelving Location Status Due Date
scottsboropl F Gri 32269000529076 Adult - Fiction Available -

LDR 00939cam a2200301 a 4500
001120672
003CONS
00520140703082256.0
008970429s1997 nyu 000 1 eng
010 . ‡a 97020791 //r97
020 . ‡a0805056203
020 . ‡a0451408683
035 . ‡a(CPomAG)LMN426685
043 . ‡ae-uk-en
05000. ‡aPS3557.R48998 ‡bC37 1997
08200. ‡a813/.54 ‡221
1001 . ‡aGrimes, Martha.
24514. ‡aThe case has altered / ‡cMartha Grimes.
250 . ‡a1st edition
260 . ‡aNew York : ‡bHenry Holt, ‡c1997.
300 . ‡a370 pages ; ‡c25 cm.
500 . ‡a"A Richard Jury mystery."
650 0. ‡aJury, Richard (Fictitious character).
650 0. ‡aPolice ‡zEngland ‡vFiction.
651 0. ‡aLincolnshire (England) ‡vFiction.
650 0. ‡aDetective and mystery stories.
959 . ‡i32269000529076 ‡lF Gri ‡aAdult - Fiction ‡tFiction ‡g24.00
852 . ‡p32269000529076 ‡jF Gri ‡gAdult - Fiction ‡cFiction ‡y24.00 ‡bSBPL
901 . ‡a120672 ‡bUnknown ‡c120672 ‡tbiblio

Additional Resources